000 00415nam a2200157Ia 4500
008 230711s9999||||xx |||||||||||||| ||und||
020 _a978-93-5124-690-9
041 _aENG
082 _a630
_bSI-V
100 _aSingh, Pradeep Kumar
245 0 _aApplied Production Technology of Vegetable
260 _c2020
_aNew Delhi
_bAstral International Pvt. Ltd.
300 _a217p.
650 _aAgriculture
942 _cBK
999 _c7630
_d7630